SZČO a platenie zákonného poistného do Sociálnej poisťovne a zdravotných poisťovní od júla 2023

V roku 2023 sa vo vzťahu k zákonnému poisteniu, platenému SZČO do Sociálnej poisťovne a zdravotných poisťovní zmenili v januári limity preddavkov na verejné zdravotné poistenie, ako aj poistného na zákonné sociálne poistenie, ktoré sa viažu na zmeny limitov vymeriavacích základov.

Guardado en:
Detalles Bibliográficos
Autor principal: Pakšiová, Renáta, 1974-
Formato: Capítulo de libro
Lenguaje:eslovaco
Materias:
Etiquetas: Agregar Etiqueta
Sin Etiquetas, Sea el primero en etiquetar este registro!

MARC

LEADER 00000naa a2200000 4500
001 0295273
005 20240502074504.9
041 0 |a slo 
044 |a SK 
245 1 0 |a SZČO a platenie zákonného poistného do Sociálnej poisťovne a zdravotných poisťovní od júla 2023  |c Renáta Pakšiová 
520 |a V roku 2023 sa vo vzťahu k zákonnému poisteniu, platenému SZČO do Sociálnej poisťovne a zdravotných poisťovní zmenili v januári limity preddavkov na verejné zdravotné poistenie, ako aj poistného na zákonné sociálne poistenie, ktoré sa viažu na zmeny limitov vymeriavacích základov. 
610 2 0 |a osoby samostatne zárobkovo činné 
610 2 0 |a poisťovne 
610 2 0 |a poisťovne sociálne 
610 2 0 |a poisťovne zdravotné 
610 2 0 |a zmennosť 
610 2 0 |a právo 
610 2 0 |a legislatíva 
610 2 0 |a zákony 
610 2 0 |a základ vymeriavací 
610 2 0 |a limity 
100 1 |a Pakšiová, Renáta, 1974-